Normal view
MARC view
Entry Personal Name
001 - CONTROL NUMBER
- control field: 11225
003 - CONTROL NUMBER IDENTIFIER
- control field: PK-LaUMT
005 - DATE AND TIME OF LATEST TRANSACTION
- control field: 20260422145724.0
008 - FIXED-LENGTH DATA ELEMENTS
- fixed length control field: 260422|| aca||aabn | a|a d
040 ## - CATALOGING SOURCE
- Original cataloging agency: PK-LaUMT
- Transcribing agency: PK-LaUMT
100 ## - HEADING--PERSONAL NAME
- Personal name: Ijaz Ibn Asad
670 ## - SOURCE DATA FOUND
- Source citation: Work cat.: (PK-LaUMT)140586: Malgonkar, Manohar 11224, مہاتما گاندھی کے قاتل /, 2017
